| 000 | 01080 a2200265 4500 | ||
|---|---|---|---|
| 999 |
_c2045 _d2045 |
||
| 020 | _a1779051018 | ||
| 050 | 0 | 0 | _aHC 900.Z65 ENV 2000 |
| 100 |
_aTevera, Daniel _eeditor |
||
| 245 | 0 | 0 |
_aEnvironmental security in southern Africa / _cedited by Daniel Tevera and Sam Moyo. |
| 264 |
_aCape town: _bSarips, _c2000 |
||
| 300 |
_axvi, 236 p. : _bill., maps ; |
||
| 500 | _a"SAPES Trust"--Cover p. [4]. | ||
| 504 | _aIncludes bibliographical references and index. | ||
| 650 | 0 | _aEnvironmental policy | |
| 650 | 0 |
_aEnvironmental management _xInternational cooperation. |
|
| 650 | 0 |
_aEnvironmental protection _xInternational cooperation. |
|
| 650 | 0 |
_aSecurity, International _xEnvironmental aspects. |
|
| 700 | 1 | _aTevera, Daniel S. | |
| 700 | 1 | _aMoyo, Sam. | |
| 710 | 2 | _aSouthern Africa Regional Institute for Policy Studies. | |
| 710 | 2 | _aSAPES Trust. | |
| 856 | 4 | 2 |
_3Book review (H-Net) _uhttp://www.h-net.org/review/hrev-a0c5h5-aa |
| 942 |
_2lcc _cBK _h900.Z65 _iENV _kHC |
||